000 00835nam a2200253Ia 4500
003 OSt
005 20220918170836.0
006 a|||||r|||| 00| 0
007 ta
008 220917b |||||||| |||| 00| 0 eng d
020 _a9780739140338 (hbk)
_c6575.10
024 _a285,227
037 _b12203, 27/03/2015, Elite Publishers Distributors
_cTextual
040 _aARTS
_cARTS
_beng
041 _2eng
_aeng
082 _aV6:17.P1, Q0
100 _aRabaka Reiland
_931601
245 0 _aForms of Fanonism
_b Frantz Fanon's critical theory and the dialectics of decolonization
260 _aLanham
_bLexington Maryland
_c2010
300 _axxvii,402p.
_ccm.
650 _aHISTORY
942 _hV6:17.P1, Q0
_cTEXL
_2CC
999 _c136160
_d136160